Desafíos del derecho en Colombia frente al objetivo de desarrollo sostenible n°6: "la vulneración del derecho de acceso al agua potable en el municipio de Pueblo Viejo Magdalena durante el año 2022". (Registro nro. 647)
[ vista simple ]
| 000 -LEADER | |
|---|---|
| fixed length control field | 02709nmm a2200289 a 4500 |
| 003 - CONTROL NUMBER IDENTIFIER | |
| control field | CO-CtgCURN |
| 005 - DATE AND TIME OF LATEST TRANSACTION | |
| control field | 20250606162836.0 |
| 008 - FIXED-LENGTH DATA ELEMENTS--GENERAL INFORMATION | |
| fixed length control field | 230425s2022 xx f 000 0 und d |
| 040 ## - CATALOGING SOURCE | |
| Original cataloging agency | CO-CtgCURN |
| Language of cataloging | spa |
| Transcribing agency | coctgcurn |
| 082 ## - DEWEY DECIMAL CLASSIFICATION NUMBER | |
| Classification number | DER 2022 |
| Item number | M722d |
| 100 ## - MAIN ENTRY--PERSONAL NAME | |
| Personal name | Molina Ortega, Jesica María |
| Relator term | autora |
| 9 (RLIN) | 7200 |
| 245 #0 - TITLE STATEMENT | |
| Title | Desafíos del derecho en Colombia frente al objetivo de desarrollo sostenible n°6: "la vulneración del derecho de acceso al agua potable en el municipio de Pueblo Viejo Magdalena durante el año 2022". |
| Medium | [electronic resource] / |
| Statement of responsibility, etc. | Jesica María Molina Ortega; Eduardo Rodríguez Arteaga; Fredy de Jesús Villa Bedoya; asesor., Helmer David Agualimpia Romero |
| 260 ## - PUBLICATION, DISTRIBUTION, ETC. | |
| Place of publication, distribution, etc. | Barranquilla, Atlántico : |
| Name of publisher, distributor, etc. | Corporación Universitaria Rafael Núñez, |
| Date of publication, distribution, etc. | 2022 |
| 300 ## - PHYSICAL DESCRIPTION | |
| Extent | 1 recurso en línea (38 páginas (PDF)) : |
| Other physical details | imágenes |
| 502 ## - DISSERTATION NOTE | |
| Dissertation note | Trabajo de Grado (Abogado). Corporación Universitaria Rafael Núñez. Facultad de Ciencias Sociales y Humanas. Programa de Derecho, 2022 |
| 505 ## - FORMATTED CONTENTS NOTE | |
| Formatted contents note | Incluye referencias bibliográficas |
| 520 ## - SUMMARY, ETC. | |
| Summary, etc. | Colombia se ha destacado por liderar la implementación de agendas como la delos Objetivos de Desarrollo Sostenible, las alianzas por el cambio climático y la adopción de estándares mundiales como los desarrollados por la Organización para la Cooperación y el Desarrollo Económico (OCDE). A través de los ODS, el país tiene el reto de avanzar sobre metas concretas y consolidar avances en materia de pobreza, educación y protección del medio ambiente, entre las principales. En Colombia existen normas ratificadas en el ordenamiento jurídico relacionadas con el agua potable y de las cuales surgen varias disposiciones que permiten el desarrollo de políticas públicas orientadas al mejoramiento de la calidad de vida de las personas: En Colombia Definir la estrategia de implementación de los ODS en Colombia, estableciendo el esquema de seguimiento, reporte y rendición de cuentas, el plan de fortalecimiento estadístico, la estrategia de implementación territorial y el mecanismo de interlocución con actores no gubernamentales. |
| 521 ## - TARGET AUDIENCE NOTE | |
| Target audience note | AREA PROFESIONAL |
| 590 ## - LOCAL NOTE (RLIN) | |
| Local note | Programa de Derecho_18 |
| 650 ## - SUBJECT ADDED ENTRY--TOPICAL TERM | |
| Topical term or geographic name entry element | Derecho |
| Form subdivision | Tesis y disertaciones académicas |
| 9 (RLIN) | 7201 |
| 700 ## - ADDED ENTRY--PERSONAL NAME | |
| Personal name | Agualimpia Romero, Helmer David |
| Relator term | asesor |
| 9 (RLIN) | 7202 |
| 700 ## - ADDED ENTRY--PERSONAL NAME | |
| Personal name | Rodríguez Arteaga, Eduardo |
| Relator term | autor |
| 9 (RLIN) | 7203 |
| 700 ## - ADDED ENTRY--PERSONAL NAME | |
| Personal name | Villa Bedoya, Fredy de Jesús |
| Relator term | autor |
| 9 (RLIN) | 7204 |
| 856 ## - ELECTRONIC LOCATION AND ACCESS | |
| Uniform Resource Identifier | <a href="https://unicurn.sharepoint.com/:b:/s/biblioteca/EaDZMXTnDBlJtaUW4aWeHkMB1q4P86y_BF95tJjYX_ob5w?e=jCApf1">https://unicurn.sharepoint.com/:b:/s/biblioteca/EaDZMXTnDBlJtaUW4aWeHkMB1q4P86y_BF95tJjYX_ob5w?e=jCApf1</a> |
| Link text | Consulte aquí el texto completo |
| 942 ## - ADDED ENTRY ELEMENTS (KOHA) | |
| Koha item type | Trabajos de grado |
| Classification part | DER 2022 |
| Item part | M722d |
| Source of classification or shelving scheme | Dewey Decimal Classification |
| Suppress in OPAC | No |
| Withdrawn status | Lost status | Source of classification or shelving scheme | Damaged status | Not for loan | Collection | Home library | Current library | Shelving location | Date acquired | Inventory number | Total checkouts | Full call number | Barcode | Date last seen | Copy number | Price effective from | Koha item type |
|---|---|---|---|---|---|---|---|---|---|---|---|---|---|---|---|---|---|
| Dewey Decimal Classification | Trabajos de grado | Miguel Henríquez Castañeda Barranquilla | Miguel Henríquez Castañeda Barranquilla | Trabajo de grado | 12/05/2022 | 05266 | DER 2022 M722d | 05266 | 04/25/2023 | ej.1 | 04/25/2023 | Trabajos de grado |